Nuevos derroteros en la poesía femenina nicaragüense : cambios sociopolíticos y estéticos /
La poesía escrita por mujeres nicaragüenses a partir de 1970 se manifiesta sobre la laucha armada contra la dictadura de la familia Somoza, el triunfo de la Revolución Sandinista en 1979 y el intento de establecer una sociedad con nuevos valores
Zapisane w:
| 1. autor: | |
|---|---|
| Format: | Nieznany |
| Język: | Spanish |
| Hasła przedmiotowe: | |
| Etykiety: |
Dodaj etykietę
Nie ma etykietki, Dołącz pierwszą etykiete!
|
MARC
| LEADER | 000000000a22000000004500 | ||
|---|---|---|---|
| 001 | 003249 | ||
| 041 | 0 | |a spa | |
| 100 | 1 | |a Roof, María | |
| 245 | 1 | 0 | |a Nuevos derroteros en la poesía femenina nicaragüense : |b cambios sociopolíticos y estéticos / |c María Roof. |
| 310 | |a bimensual | ||
| 520 | |a La poesía escrita por mujeres nicaragüenses a partir de 1970 se manifiesta sobre la laucha armada contra la dictadura de la familia Somoza, el triunfo de la Revolución Sandinista en 1979 y el intento de establecer una sociedad con nuevos valores | ||
| 650 | 4 | |a LITERATURA NICARAGÜENSE | |
| 650 | 4 | |a MUJERES COMO ESCRITORAS | |
| 773 | 0 | |d Managua, Nicaragua : ANIDE |t ANIDE Asociación Nicaragüense de Escritoras |g año 5, edición 12 (mayo-agosto 2006), páginas 66-74 páginas | |
| 942 | |c ARC | ||
| 999 | |c 9992 |d 9992 | ||
